Video Game Characters by Picture #2 - Statistics

General Stats
  • This quiz has been taken 43 times
  • The average score is 11 of 20
Answer Stats
Picture Answer % Correct
Bowser
98%
Donkey Kong
90%
Yoshi
90%
Link
85%
Crash Bandicoot
80%
Samus Aran
80%
Chun-Li
73%
Solid Snake
63%
Pinky
60%
Fox McCloud
55%
Popo and Nana
53%
Clank
50%
King Dedede
48%
Ezio Auditore da Firenze
45%
Cortana
43%
Olimar
40%
Chell
30%
Pagan Min
20%
H.U.N.K.
10%
Sergeant Frank Woods
10%
No matching quizzes found
Score Distribution
Percent of People with Each Score
Percentile by Number Answered
Your Score History
You have not taken this quiz